2015年に対する2045年の日本の市町村別人口増加率ランキング - Statistics

General Stats
  • This quiz has been taken 208 times
  • The average score is 19 of 50
Answer Stats
順位 人口増加率(%) 都道府県 市町村名 % Correct
1 34.9 東京都 中央区
81%
3 32.8 東京都 千代田区
81%
9 19.7 東京都 江東区
78%
31 8.3 東京都 渋谷区
78%
15 14.3 東京都 品川区
76%
20 13.3 東京都 文京区
75%
10 17.4 東京都 台東区
72%
40 6.8 沖縄県 沖縄市
72%
28 10.1 東京都 練馬区
71%
32 8.2 東京都 目黒区
71%
33 7.9 東京都 荒川区
67%
49 5.4 東京都 墨田区
65%
35 7.5 福岡県 福岡市
63%
36 7.0 茨城県 つくば市
57%
42 6.6 沖縄県 宜野湾市
56%
43 6.2 滋賀県 草津市
54%
16 14.0 沖縄県 豊見城市
52%
14 14.7 千葉県 流山市
51%
6 22.7 愛知県 長久手市
48%
26 10.5 石川県 野々市市
47%
39 6.9 沖縄県 南城市
45%
34 7.6 茨城県 つくばみらい市
39%
8 20.3 熊本県 菊陽町
38%
5 23.5 三重県 朝日町
36%
21 12.4 三重県 川越町
36%
41 6.8 福岡県 大野城市
35%
46 5.6 滋賀県 栗東市
35%
17 13.6 沖縄県 南風原町
33%
48 5.4 滋賀県 守山市
33%
19 13.3 熊本県 合志市
28%
27 10.1 宮城県 富谷市
28%
18 13.6 埼玉県 吉川市
27%
37 7.0 愛知県 日進市
27%
47 5.6 愛知県 大府市
26%
23 12.0 沖縄県 恩納村
25%
50 5.2 愛知県 豊山町
22%
11 16.0 沖縄県 宜野座村
18%
25 11.2 沖縄県 八重瀬町
18%
45 5.7 愛知県 常滑市
14%
24 11.8 群馬県 吉岡町
12%
29 8.8 愛知県 幸田町
11%
22 12.3 愛知県 高浜市
10%
7 20.4 福岡県 粕谷町
4%
38 6.9 埼玉県 滑川町
4%
2 34.4 東京都 港区
0%
4 29.4 沖縄県 中城村
0%
12 16.0 熊本県 大津町
0%
13 15.8 埼玉県 戸田市
0%
30 8.6 東京都 板橋区
0%
44 5.8 沖縄県 北谷町
0%
No matching quizzes found
Score Distribution
Percent of People with Each Score
Percentile by Number Answered
Your Score History
You have not taken this quiz